Oedipus in Nottingham : D. H. Lawrence.

Bibliographic Details
Main Author: Weiss, Daniel, 1917-1976
Format: Book
Language:English
Published: Seattle : University of Washington, 1962.
Subjects:

MARC

Tag First Indicator Second Indicator Subfields
LEADER 00000cam a2200000 4500
001 in00000029834
005 20151007062944.0
008 720728s1962 waua b 00000 eng u
010 |a  62017149  
035 |a (OCoLC)00368156 
035 |9 AAD6191AM 
040 |c WSU  |d OCL  |d TXA  |d UtOrBLW 
049 |a TXAM  |c [357580] 
050 0 |a PR6023.A93  |b Z944 
092 |a 823  |b L419Ywe 
100 1 |a Weiss, Daniel,  |d 1917-1976. 
245 1 0 |a Oedipus in Nottingham :  |b D. H. Lawrence. 
264 1 |a Seattle :  |b University of Washington,  |c 1962. 
300 |a 128 pages :  |b illustrations ;  |c 23 cm. 
336 |a text  |b txt  |2 rdacontent 
337 |a unmediated  |b n  |2 rdamedia 
338 |a volume  |b nc  |2 rdacarrier 
504 |a Includes bibliography. 
600 1 0 |a Lawrence, D. H.  |q (David Herbert),  |d 1885-1930. 
999 |a MARS 
999 f f |s d356b984-ef67-3c6d-b7a1-aadddeccc704  |i 7236b225-c583-3df2-96f8-60565d78eccb  |t 0 
952 f f |p normal  |a Texas A&M University  |b College Station  |c Sterling C. Evans Library  |d Evans: Library Stacks  |t 0  |e PR6023.A93 Z944  |h Library of Congress classification  |i unmediated -- volume  |m A14801322787 
952 f f |p noncirc  |a Texas A&M University  |b J.J. Pickle Campus  |c High Density Repository  |d Remote Storage  |t 0  |e PR6023.A93 Z944  |h Library of Congress classification  |i unmediated -- volume  |m A1485326667F 
998 f f |a PR6023.A93 Z944  |t 0  |l Evans: Library Stacks 
998 f f |a PR6023.A93 Z944  |t 0  |l Remote Storage